书目信息 |
| 题名: |
职场日语红宝书
|
|
| 作者: | 岩泽绿 , 海老原恭子 著 ;横田弘子 , 张志刚 , 朱鹏霄 译 | |
| 分册: | ||
| 出版信息: | 北京 外语教学与研究出版社 2009.07 |
|
| 页数: | 153页 | |
| 开本: | 26cm | |
| 丛书名: | ||
| 单 册: | ||
| 中图分类: | H36 | |
| 科图分类: | ||
| 主题词: | 日语--ri yu--自学参考资料 | |
| 电子资源: | ||
| ISBN: | 978-7-5600-8692-7 | |
| 000 | 01079nam0 2200313 450 | |
| 001 | 三新书业-2694 | |
| 005 | 20110716150413.18 | |
| 010 | @a978-7-5600-8692-7@dCNY26.00 (含光盘) | |
| 016 | @aCN-A16-09-0148-0@b光盘 | |
| 100 | @a20090609d2009 em y0chiy0121 ea | |
| 101 | 2 | @achi@ajpn@cjpn |
| 102 | @aCN@b110000 | |
| 105 | @aa z 000yy | |
| 106 | @ar | |
| 200 | 1 | @a职场日语红宝书@Azhi chang ri yu hong bao shu@f(日) 岩泽绿, 海老原恭子著@g朱鹏霄, 张志刚, (日) 横田弘子译 |
| 210 | @a北京@c外语教学与研究出版社@d2009.07 | |
| 215 | @a153页@c图@d26cm@e光盘1片 | |
| 300 | @a日语学习者 | |
| 330 | @a本书为想要在日企大显身手, 却总会碰到一些障碍的人士而著。本书有助于帮助这些人理解并掌握日本人的习惯和礼仪, 并顺利地开展工作。 | |
| 586 | @a | |
| 606 | 0 | @a日语@Ari yu@j自学参考资料 |
| 690 | @aH36@v5 | |
| 701 | 0 | @a岩泽绿@Ayan ze lu@4著 |
| 701 | 0 | @a海老原恭子@Ahai lao yuan gong zi@4著 |
| 702 | 0 | @a横田弘子@Aheng tian hong zi@4译 |
| 702 | 0 | @a张志刚@Azhang zhi gang@4译 |
| 702 | 0 | @a朱鹏霄@Azhu peng xiao@4译 |
| 801 | 0 | @aCN@c20110610 |
| 905 | @dH36@eY079@f3 | |
| 职场日语红宝书/(日) 岩泽绿, 海老原恭子著/朱鹏霄, 张志刚, (日) 横田弘子译.-北京:外语教学与研究出版社,2009.07 |
| 153页:图;26cm+光盘1片 |
| 日语学习者 |
| ISBN 978-7-5600-8692-7:CNY26.00 (含光盘) |
| 本书为想要在日企大显身手, 却总会碰到一些障碍的人士而著。本书有助于帮助这些人理解并掌握日本人的习惯和礼仪, 并顺利地开展工作。 |
| ● |
| 相关链接 |
|
|
|
正题名:职场日语红宝书
索取号:H36/Y079
 
预约/预借
| 序号 | 登录号 | 条形码 | 馆藏地/架位号 | 状态 | 备注 |
| 1 | 885138 | 208851385 | 语言库209/209语言库 125排1列3层/ [索取号:H36/Y079] | 在馆 | |
| 2 | 885139 | 208851394 | 语言库209/209语言库 125排1列3层/ [索取号:H36/Y079] | 在馆 | |
| 3 | 885140 | 208851401 | 语言库209/209语言库 125排1列3层/ [索取号:H36/Y079] | 在馆 |